000 01008nam a2200241Ia 4500
001 15939
003 GE_BSU
008 181216s||||||||xx |||||||||||||| ||und||
040 _cGE_BSU
080 _a821.353.1-32
100 _aხორნაული, გიგი
245 _aახალყოილნი
245 _bმოთხრობები
245 _cრდ. ნ.ლორთქიფანიძე. მხ. გ.ოჩიაური
260 _aთბილისი
260 _bნაკადული
260 _c1966
300 _a166გვ. ; 16სმ
653 _aახალყოილნი
653 _aმზევინარი; ახალყოილნი; თუთი; სიკეთე; ზვავთა სამეფოში; გახსენება; შვლის ცრემლი; დათვი; სისხლში ნაწრთობი; მეცხვარე
653 _aმოთხრობები
942 _cBK
999 _c49034
_d49034